000 00318nam a2200121Ia 4500
008 231129s1989||||xx |||||||||||||| ||spa||
082 _aHAJ- 0191
100 _aAgudelo Ramí­rez Luis Eduardo
245 0 _aEl Gran Caldas
260 _c1989
264 _aMedellí­n: Litografí­a Especial 1988
942 _2ddc
_cBKS
999 _c11164
_d11164